| 000 | 00805nam a2200253Ia 4500 | ||
|---|---|---|---|
| 008 | 191130s2009##################000#0#eng## | ||
| 020 | _a9781420062601 | ||
| 022 | _a2008040756 | ||
| 040 |
_aACL _cACL |
||
| 082 | _a577.786 AMI | ||
| 245 |
_aEnvironmental assessment of estuarine ecosystems : a case study _cedited by Claude Amiard-Triquet, Philip S. Rainbow |
||
| 250 | _a1st ed | ||
| 260 |
_aBoca Raton, FL _bCRC Press _c2009 |
||
| 300 | _axi, 355 p. : ill., maps ; 25 cm | ||
| 500 | _aIncludes bibliographical references and index | ||
| 650 | _aEcological risk assessment | ||
| 650 | _aEstuarine ecology | ||
| 650 | _aEstuarine pollution | ||
| 700 | _aAmiard-Triquet, C | ||
| 700 | _aRainbow, P. S | ||
| 990 | _ae2ac697fac10000c20f3c78207087e77 | ||
| 991 | _a244698 | ||
| 999 |
_c175157 _d175157 |
||